Páramos (Registro nro. 1959)

Detalles MARC
000 -CABECERA
Campo de control 01210nam a2200385 a 4500
005 - FECHA Y HORA DE LA ULTIMA TRANSACCION
Campo de control 20191224041619.0
008 - ELEMENTOS DE LONGITUD FIJA—INFORMACION GENERAL
Campo de control 140303b1999 nyu||||| |||| 00| 0 eng d
020 ## - ISBN
ISBN 0893274275
040 ## - FUENTE DE CATALOGACIÓN
Agencia catalogadora original CO-BoIAVH
Agencia transcriptora CO-BoIAVH
041 0# - IDIOMA
Código de idioma para texto/pista de sonido o título separado Inglés
044 ## - PAÍS DE PUBLICACIÓN
País de publicación Estados Unidos
082 04 - NUMERO DE CLASIFICACION DECIMAL DEWEY
Número de clasificación 581.7
Número del ítem J27p
090 ## - CLASIFICACIÓN LOCAL
Colección LB
Consecutivo 01790
100 1# - ASIENTO PRINCIPAL--NOMBRE PERSONAL
Nombre personal Luteyn, James L.
9 (RLIN) 13431
245 10 - MENCION DE TITULO
Título Páramos
Parte restante del título a checklist of plant diversity, geographical distribution, and botanical literature
260 ## - PUBLICACION, DISTRIBUCION, ETC. (PIE DE IMPRENTA)
Lugar de publicación, distribución, etc. Nueva York:
Nombre del editor, distribuidor, etc. New York Botanical Garden,
Fecha de publicación, distribución, etc. 1999.
300 ## - DESCRIPCION FISICA
Extensión 278 páginas :
Otros detalles físicos mapas, ilustraciones ;
Dimensiones 26 x 18 cm.
650 #6 - ASIENTO SECUNDARIO DE MATERIA - TERMINO TEMATICO
Término temático o nombre geográfico como elemento de entrada Páramo
9 (RLIN) 43919
650 #6 - ASIENTO SECUNDARIO DE MATERIA - TERMINO TEMATICO
Término temático o nombre geográfico como elemento de entrada Biodiversidad
9 (RLIN) 92204
650 #6 - ASIENTO SECUNDARIO DE MATERIA - TERMINO TEMATICO
Término temático o nombre geográfico como elemento de entrada Distribución geográfica
9 (RLIN) 43921
650 #6 - ASIENTO SECUNDARIO DE MATERIA - TERMINO TEMATICO
Término temático o nombre geográfico como elemento de entrada Vegetación
9 (RLIN) 43922
650 #6 - ASIENTO SECUNDARIO DE MATERIA - TERMINO TEMATICO
Término temático o nombre geográfico como elemento de entrada Flora
9 (RLIN) 43923
650 #6 - ASIENTO SECUNDARIO DE MATERIA - TERMINO TEMATICO
Término temático o nombre geográfico como elemento de entrada Inventarios
9 (RLIN) 92201
650 #6 - ASIENTO SECUNDARIO DE MATERIA - TERMINO TEMATICO
Término temático o nombre geográfico como elemento de entrada Líquenes
9 (RLIN) 1755
650 #6 - ASIENTO SECUNDARIO DE MATERIA - TERMINO TEMATICO
Término temático o nombre geográfico como elemento de entrada Musgos
9 (RLIN) 43926
650 #6 - ASIENTO SECUNDARIO DE MATERIA - TERMINO TEMATICO
Término temático o nombre geográfico como elemento de entrada Hepáticas
9 (RLIN) 13908
650 #6 - ASIENTO SECUNDARIO DE MATERIA - TERMINO TEMATICO
Término temático o nombre geográfico como elemento de entrada Gimnospermas
9 (RLIN) 3541
650 #6 - ASIENTO SECUNDARIO DE MATERIA - TERMINO TEMATICO
Término temático o nombre geográfico como elemento de entrada Angiospermas
9 (RLIN) 43927
700 1# - ASIENTO SECUNDARIO - NOMBRE PERSONAL
Nombre personal Churchill, Steven P.
9 (RLIN) 13424
700 1# - ASIENTO SECUNDARIO - NOMBRE PERSONAL
Nombre personal Griffin III. Dana
9 (RLIN) 13910
700 1# - ASIENTO SECUNDARIO - NOMBRE PERSONAL
Nombre personal Sipman, Harrie J. M.
9 (RLIN) 13911
700 1# - ASIENTO SECUNDARIO - NOMBRE PERSONAL
Nombre personal Gavilanes A., Mauricio R.
9 (RLIN) 13912
700 1# - ASIENTO SECUNDARIO - NOMBRE PERSONAL
9 (RLIN) 13909
Nombre personal Gradstein, S. Robbert
942 ## - ELEMENTOS ADICIONALES (KOHA)
Tipo de ítem Libro
Sistema de clasificación Dewey Decimal Classification
Koha issues (borrowed), all copies 1
Existencias
Withdrawn status Lost status Sistema de Clasificación Damaged status No para préstamo Colección Inventariado Ubicación Permanente Ubicación actual Fecha de adquisición Valor Total Checkouts Total Renewals Número topográfico Inventario / Código de Barras Date last seen Date checked out Ejemplar Price effective from Tipo de material Fuente de Valor Forma de adquisición
    Dewey Decimal Classification     General Inventariado 2017 Bogotá Bogotá 30/07/2015 39000.00 1   LB-581.7 J27p 038689 17/05/2016 13/05/2016 Ej. 3 30/07/2015 Libro Donación  
    Dewey Decimal Classification     General Inventariado 2017 Sala Fabio Quevedo Sala Fabio Quevedo 25/01/2001 39000.00 1 1 LB-581.7 J27p 002442 06/12/2016 01/05/2013 Ej. 2 04/12/2012 Libro    
    Dewey Decimal Classification     General Inventariado 2017 Sala Fabio Quevedo Sala Fabio Quevedo 18/04/2002 39000.00     LB-581.7 J27p 004867 04/12/2012   Ej. 1 04/12/2012 Libro Varón, Andrés